000 00362 a2200169 4500
001 174786
020 _a978-85-16-07370-1
040 _cMagnum
100 _aLadeira, Julieta de Godoy
240 1 0 _aÍndio vivo
_lpor
245 1 0 _aÍndio vivo
300 _a70
362 0 _a2012
440 1 _aModerna
697 _aLITERATURA INFANTO-JUVENIL
942 _cBK
999 _c174786
_d174786